Identify the South America Countries - Statistics

General Stats
  • This quiz has been taken 22 times
  • The average score is 10 of 12
Answers on the Map
Answers color-coded by a green-red scale on the quiz's map according to % correct below.
 
Answer Stats
Answer % Correct
Brazil
100%
Argentina
95%
Chile
90%
Peru
85%
Venezuela
85%
Columbia
80%
Ecuador
80%
Paraguay
80%
Uruguay
80%
Guyana
75%
Suriname
75%
Bolivia
70%
No matching quizzes found
Score Distribution
Percent of People with Each Score
Percentile by Number Answered
Your Score History
You have not taken this quiz